| 000 | 00523nam a22001817a 4500 | ||
|---|---|---|---|
| 003 | CEME | ||
| 005 | 20210628210208.0 | ||
| 008 | 210215b xxu||||| |||| 00| 0 eng d | ||
| 020 | _a81-7319-352-5 | ||
| 040 | _c. | ||
| 082 | _a629.252 ICE | ||
| 100 |
_aBose, P. K _957842 |
||
| 245 | _aI.c engines and combustion proceedings of the xvi national conference on ic engines and combustion | ||
| 260 |
_aNEW DELHI _bNAROSA PUBLISHING _c2000 |
||
| 300 | _a660P | ||
| 650 |
_aENGINES AND COMBUSTION _978464 |
||
| 942 |
_cBK _2ddc |
||
| 999 |
_c583579 _d583579 |
||